الهاجريون (Record no. 7557)
[ view plain ]
| 000 -LEADER | |
|---|---|
| fixed length control field | 00523nac a22001451u 4500 |
| 008 - FIXED-LENGTH DATA ELEMENTS--GENERAL INFORMATION | |
| fixed length control field | 110725t xxu||||| |||| 00| 0 eng d |
| 082 ## - DEWEY DECIMAL CLASSIFICATION NUMBER | |
| Classification number | ك ر و |
| Edition number | 22 |
| Item number | 210.9 |
| 100 ## - MAIN ENTRY--PERSONAL NAME | |
| Personal name | Crone, Patricia |
| 9 (RLIN) | 26421 |
| 245 ## - TITLE STATEMENT | |
| Title | الهاجريون |
| Statement of responsibility, etc | تأليف باتريشيا كرونه ، مايكل كوك ؛ ترجمة نبيل فياض |
| 260 ## - PUBLICATION, DISTRIBUTION, ETC. (IMPRINT) | |
| Place of publication, distribution, etc | القاهرة : |
| Name of publisher, distributor, etc | د.ن ، 1999 |
| Date of publication, distribution, etc | 1999 |
| 300 ## - PHYSICAL DESCRIPTION | |
| Extent | 212 ص ؛ |
| Dimensions | 24 سم |
| 700 ## - ADDED ENTRY--PERSONAL NAME | |
| 9 (RLIN) | 26422 |
| Personal name | كوك ، مايكل |
| 700 ## - ADDED ENTRY--PERSONAL NAME | |
| 9 (RLIN) | 16678 |
| Personal name | فياض، نبيل |
| 942 ## - ADDED ENTRY ELEMENTS (KOHA) | |
| Item type | Book - Borrowing |
| Source of classification or shelving scheme | Dewey Decimal Classification |
| Withdrawn status | Item status | Source of classification or shelving scheme | Damaged status | Not for loan | Vendor | Home library | Current library | Shelving location | Date acquired | Source of acquisition | Total Checkouts | Total Renewals | Full call number | Barcode | Date last seen | Date last borrowed | Koha item type |
|---|---|---|---|---|---|---|---|---|---|---|---|---|---|---|---|---|---|
| Dewey Decimal Classification | Alef-Baa | Central Library | Central Library | Lower Floor | 25/07/2011 | 2 | 2 | 210.3 ك ر و | 000009140 | 15/07/2025 | 18/03/2019 | Book - Borrowing |